000 00289nam a22001337a 4500
008 180921b xxu||||| |||| 00| 0 eng d
020 _a0893520096
041 _aeng
080 _a618
100 _a10
101 _aGJI
245 _aOperative Obstetrics
_cDouglas.R.G
942 _2udc
_cBK
999 _c48160
_d48160